00202nam a22000977a 4500003000400000082001400004100001800018245003100036260002900067300000800096SGT a823bHAR  aHARDY THOMAS  aTHE MAYOR OF CASTERBRIDGE  aUSA bPENGUIN PUB c1886 a437